000 02252nam0a2200373 4500
001 RU\NLR\bibl\1269495
005 20260408202424.0
010 _a978-5-7563-0364-5
_9200
021 _aRU
_b2008-52555
_92908
035 _a(NLR Aleph) 001255385
090 _a345350
_c345350
100 _a20080904d2008 |||y0rusy50 ca
101 0 _arus
102 _aRU
105 _ay |||||||||
200 1 _aИнновационный ресурс сельской школы Вологодской области
_fВ.В. Судаков, Г.Б. Прохорова, Л.О. Кочешкова
_gМ-во образования и науки Рос. Федерации, Федерал. агентство по образованию [и др.]
210 _aВологда
_aМосква
_cИсследовательский центр проблем качества подготовки специалистов
_d2008
215 _a31 с.
_d21
225 1 _aСерия: Сельская школа в России: региональные исследования
300 _aВ надзаг. также: Исслед. центр пробл. качества подгот. специалистов, Гос. технол. ун-т "Моск. ин-т стали и сплавов", Деп. образования Вологод. обл., "Вологод. ин-т развития образования"
300 _aна 31- й с. авт.: Судаков В.В. - д.п.н., проф., Прохорова Г.Б.. Кочешкова Л.О. - доц., к.п.н.
320 _aБиблиогр.: с. 20 (11 назв.)
606 _aСельские школы
_xИнновации
_yВологодская область
_3RU\NLR\auth\661501474
_92535372
686 1 _aЧ424(2Р-4Вол)714.8
700 1 _4070
_8rus
_7ca
_aСудаков
_bВ. В.
_f1942-2014
_gВалерий Васильевич
_3RU\NLR\AUTH\7719696
_92768
701 1 _aПрохорова
_bГ. Б.
_gГалина Борисовна
_4070
701 1 _aКочешкова
_bЛ. О.
_gЛариса Осиповна
_4070
801 0 _aRU
_bNLR
_c20080904
_gRCR
801 1 _aRU
_bNLR
_c20080904
830 _aавт. по кн.
942 _cBOOK
980 _aNB